| 000 | 00760nam a22001817a 4500 | ||
|---|---|---|---|
| 999 |
_c371682 _d371682 |
||
| 008 | 201127b ||||| |||| 00| 0 eng d | ||
| 040 |
_aDE-2950 _bger _cDE-2950 _erda |
||
| 041 | _ager | ||
| 245 |
_aVon der Doppelstadt mit dem Fernbus zu mehr als 30 Zielen. _bUrlaub: Aus Frankfurt und Slubice steuert Flixbus Dutzende Destinationen direkt an. Für manchen Routen müssen Reisende allerdings Sitzfleisch haben/ _cJacqueline Westermann |
||
| 264 | _c2022 | ||
| 653 | _aFrankfurt (Oder) | ||
| 653 | _aFlixbus | ||
| 773 |
_dFrankfurt (Oder) Märkisches Verlags- und Druckhaus GmbH & Co KG _tMärkische Oderzeitung _g33. Jahrgang (2022) Nr. 134 vom 11./12.06.2022, S. 17 |
||
| 942 | _cA | ||